000 01142njm a2200265 i 4500
001 4514
003 ES-MaACL
005 20240619063035.0
007 s|r|||||||||||
008 041125s1981 sp ||| g ||||||||1|nspa d
100 1 _aCaro Baroja, Julio,
_d1914-1995
_935403
245 1 0 _aProblemas actuales del pueblo vasco
_h[Grabación sonora]
_b: introducción general /
_cinterviene Julio Caro Baroja.
260 _aMadrid :
_bAteneo de Madrid,
_c1981.
300 _a1 disco (CD-DA) (58 min. 36 seg.) ;
_c12 cm.
500 _aDatos basados en invitación.
518 _aActo organizado por el Ateneo de Madrid en colaboración con la Sociedad de San Miguel de Aralar, grabado en el salón de actos el sábado 14 de marzo de 1981, a las 20:00 h.
610 2 4 _aAteneo de Madrid-
_xActos culturales-
_y1981-
_vGrabaciones sonoras.
_91893
650 1 4 _aVascos-
_xUsos y costumbres.
_917749
650 1 4 _aIdentidad cultural-
_zPaís Vasco.
_913540
710 2 _aAteneo de Madrid.
_91875
710 2 _aSociedad de San Miguel de Aralar.
_96692
852 _aES-MaACL
_jROT 4/5/35
_94631
_cROT
942 _2udc
999 _c4514
_d4514